000 00484nam a2200181Ia 4500
999 _c52690
_d52690
003 0100
005 20190314100747.0
008 130303s9999 xx 000 0 und d
040 _cARRUPELIB
050 _aBL1410.B941955
100 _aBurtt, E.A
_945233
245 4 _aThe Teachings of The Compassionate Buddha
260 _aNew York
_bThe New American Library
_c1955
300 _a247p
650 _aBuddhism
_945234
700 _aEdited, with introduction and Notes by E.A. Burtt
_945235
942 0 0 _02
_2lcc
_cMONOGRAPH